Normal view
MARC view
- Nutrition
Entry Topical Term
001 - CONTROL NUMBER
- control field: 18838
003 - CONTROL NUMBER IDENTIFIER
- control field: NUST
005 - DATE AND TIME OF LATEST TRANSACTION
- control field: 20190730054923.0
008 - FIXED-LENGTH DATA ELEMENTS
- fixed length control field: 190730|| aca||aabn | a|a d
040 ## - CATALOGING SOURCE
- Original cataloging agency: NUST
- Transcribing agency: NUST
150 ## - HEADING--TOPICAL TERM
- Topical term or geographic name entry element: Nutrition
- General subdivision: Study and teaching.
670 ## - SOURCE DATA FOUND
- Source citation: Work cat.: (NUST)0: Contento, Isobel R., author. 18837, Nutrition education :
